[Event "SRI-ch (Women)"]
[Site "Colombo"]
[Date "2018.05.11"]
[Round "9"]
[White "Pavalachandran, Ashvini"]
[Black "Wickramasinghe, Dilhara Ishini"]
[Result "1-0"]
[WhiteElo "1632"]
[BlackElo "1592"]
[PlyCount "89"]
[EventDate "2018.05.04"]
[EventType "tourn"]
[EventRounds "13"]
[EventCountry "SRI"]
[SourceTitle "CBM 184 Extra"]
[Source "ChessBase"]
[SourceDate "2018.06.28"]
[SourceVersion "1"]
[SourceVersionDate "2018.06.28"]
[SourceQuality "1"]

1. d4 g6 2. c4 Nf6 3. Nc3 Bg7 4. e4 d6 5. Nf3 0-0 6. Be2 c5 7. d5 e6 8. Bf4 exd5 9. cxd5 Na6 10. Nd2 Nc7 11. 0-0 Re8 12. Re1 Rb8 13. a4 b6 14. Bb5 Re7 15. Nc4 Nce8 16. e5 Nh5 17. exd6 Rxe1+ 18. Qxe1 Nxf4 19. Qxe8+ Qxe8 20. Bxe8 Ba6 21. Bb5 Bb7 22. d7 Nxd5 23. Nxd5 Bxd5 24. Rd1 Bd4 25. Nd6 a6 26. Nc8 Bf6 27. Rxd5 axb5 28. d8Q+ Bxd8 29. Rxd8+ Kg7 30. axb5 Ra8 31. Kf1 Ra5 32. Nd6 Ra2 33. Nc4 Ra4 34. Na3 Rb4 35. Rd2 Kh6 36. Ke2 Re4+ 37. Kd3 Re6 38. Nc4 Kg5 39. Re2 Rf6 40. f3 h5 41. Re5+ Kh6 42. Ke4 h4 43. f4 Kg7 44. g4 hxg3 45. hxg3 1-0

[Event "SRI-ch (Women)"]
[Site "Colombo"]
[Date "2018.05.07"]
[Round "7"]
[White "De Silva, Tenara"]
[Black "Wickramasinghe, Dilhara Ishini"]
[Result "1/2-1/2"]
[WhiteElo "1672"]
[BlackElo "1592"]
[PlyCount "96"]
[EventDate "2018.05.04"]
[EventType "tourn"]
[EventRounds "13"]
[EventCountry "SRI"]
[SourceTitle "CBM 184 Extra"]
[Source "ChessBase"]
[SourceDate "2018.06.28"]
[SourceVersion "1"]
[SourceVersionDate "2018.06.28"]
[SourceQuality "1"]

1. e4 d6 2. d4 Nf6 3. Nc3 Nbd7 4. f4 e5 5. Nf3 exd4 6. Qxd4 c6 7. Be3 d5 8. exd5 Bc5 9. Qd3 Qe7 10. Kd2 0-0 11. Re1 Bxe3+ 12. Rxe3 Qb4 13. b3 Qxf4 14. Qd4 Qxd4+ 15. Nxd4 cxd5 16. Be2 Nb6 17. Bf3 Bd7 18. Re5 Rfe8 19. Rhe1 Rxe5 20. Rxe5 Re8 21. Rxe8+ Bxe8 22. g3 Bc6 23. Kd3 Kf8 24. Ke3 g6 25. Ncb5 Nc8 26. h3 Ke7 27. c4 Bxb5 28. Nxb5 a6 29. Nc3 dxc4 30. Bxb7 Nd6 31. Bxa6 cxb3 32. axb3 Kd7 33. g4 Nfe8 34. Kf4 f6 35. Bd3 Nc7 36. h4 Ne6+ 37. Ke3 Nc5 38. b4 Nxd3 39. Kxd3 h6 40. Ne4 Ne8 41. Kd4 f5 42. gxf5 gxf5 43. Nc5+ Kd6 44. b5 f4 45. Ne4+ Kc7 46. Ke5 f3 47. Kf4 Kb6 48. Kxf3 Kxb5 1/2-1/2

[Event "SRI-ch (Women)"]
[Site "Colombo"]
[Date "2018.05.06"]
[Round "4"]
[White "Wickramasinghe, Dilhara Ishini"]
[Black "De Silva, Shelani"]
[Result "0-1"]
[WhiteElo "1592"]
[BlackElo "1586"]
[PlyCount "76"]
[EventDate "2018.05.04"]
[EventType "tourn"]
[EventRounds "13"]
[EventCountry "SRI"]
[SourceTitle "CBM 184 Extra"]
[Source "ChessBase"]
[SourceDate "2018.06.28"]
[SourceVersion "1"]
[SourceVersionDate "2018.06.28"]
[SourceQuality "1"]

1. d4 Nf6 2. c4 g6 3. Nc3 Bg7 4. e4 d6 5. Bd3 0-0 6. Nge2 Nc6 7. 0-0 e5 8. d5 Ne7 9. Rb1 Ne8 10. Be3 f5 11. exf5 gxf5 12. f4 Nf6 13. h3 Nh5 14. Qe1 Ng6 15. g3 a6 16. c5 Qe8 17. Qf2 Ne7 18. cxd6 cxd6 19. Bc4 Kh8 20. Bb3 Qg6 21. Kh2 Nf6 22. Rbd1 Neg8 23. Qg2 Nh6 24. Kg1 Bd7 25. Ba4 b5 26. Bc2 Rg8 27. g4 Bf8 28. Kh1 Nhxg4 29. hxg4 Qh6+ 30. Qh2 Qxh2+ 31. Kxh2 Nxg4+ 32. Kh1 Nxe3 33. Rc1 Nxf1 34. Rxf1 Rc8 35. a3 e4 36. Bb3 Bg7 37. Rd1 Be8 38. Re1 Bh5 0-1

[Event "SRI-ch (Women)"]
[Site "Colombo"]
[Date "2018.05.05"]
[Round "2"]
[White "Wickramasinghe, Dilhara Ishini"]
[Black "Koggala, WSTD"]
[Result "1/2-1/2"]
[WhiteElo "1592"]
[BlackElo "1532"]
[PlyCount "86"]
[EventDate "2018.05.04"]
[EventType "tourn"]
[EventRounds "13"]
[EventCountry "SRI"]
[SourceTitle "CBM 184 Extra"]
[Source "ChessBase"]
[SourceDate "2018.06.28"]
[SourceVersion "1"]
[SourceVersionDate "2018.06.28"]
[SourceQuality "1"]

1. d4 e6 2. c4 f5 3. g3 Nf6 4. Bg2 Be7 5. Nh3 0-0 6. 0-0 d6 7. Nc3 a5 8. Qc2 Nc6 9. Rd1 Qe8 10. Nf4 e5 11. dxe5 dxe5 12. Nfd5 Qh5 13. Nxe7+ Nxe7 14. e3 Ng4 15. h3 Nf6 16. f4 exf4 17. exf4 Qg6 18. Qf2 Nc6 19. Be3 Be6 20. Nd5 Rac8 21. Nxf6+ Qxf6 22. b3 Rcd8 23. Rac1 Nb4 24. Bd4 Qh6 25. Qe2 Rfe8 26. Be5 c6 27. a3 Na6 28. Rxd8 Rxd8 29. Rd1 Rd7 30. Rxd7 Bxd7 31. Qd3 Qe6 32. Qd4 Qe7 33. Qd6 Qf7 34. Qd4 h6 35. Qb6 Bc8 36. Qd8+ Qf8 37. Qd6 Qxd6 38. Bxd6 Kf7 39. b4 axb4 40. axb4 Ke6 41. Bf8 Kf7 42. Bd6 Ke6 43. Bf8 Kf7 1/2-1/2

[Event "SRI-chB (Women)"]
[Site "Colombo"]
[Date "2018.03.03"]
[Round "4"]
[White "Sanudula, KM Dahamdi"]
[Black "Wickramasinghe, Dilhara Ishini"]
[Result "1/2-1/2"]
[WhiteElo "1307"]
[BlackElo "1546"]
[PlyCount "37"]
[EventDate "2018.03.01"]
[EventType "swiss"]
[EventRounds "10"]
[EventCountry "SRI"]
[SourceTitle "EXT 2019"]
[Source "ChessBase"]
[SourceDate "2018.10.10"]
[SourceVersion "1"]
[SourceVersionDate "2018.10.10"]
[SourceQuality "1"]

1. d4 g6 2. e3 Bg7 3. Bd3 Nf6 4. f4 d6 5. Nf3 0-0 6. 0-0 Nbd7 7. e4 c5 8. e5 Nd5 9. exd6 cxd4 10. dxe7 Qxe7 11. Qe2 Qd6 12. Ng5 N7b6 13. Ne4 Qc7 14. Na3 a6 15. Bd2 Re8 16. Qf3 Qc6 17. Rfe1 Bf5 18. Ng3 Bxd3 19. Qxd3 1/2-1/2

[Event "SRI-ch (Women)"]
[Site "Colombo"]
[Date "2016.05.28"]
[Round "4"]
[White "Methmani, Nelunika"]
[Black "Wickramasinghe, Dilhara Ishini"]
[Result "0-1"]
[WhiteElo "1731"]
[BlackElo "1714"]
[PlyCount "116"]
[EventDate "2016.05.27"]
[EventType "tourn"]
[EventRounds "13"]
[EventCountry "SRI"]
[SourceTitle "CBM 172 Extra"]
[Source "ChessBase"]
[SourceDate "2016.06.21"]
[SourceVersion "1"]
[SourceVersionDate "2016.06.21"]
[SourceQuality "1"]

1. d4 g6 2. c4 Bg7 3. Nc3 c5 4. d5 Bxc3+ 5. bxc3 f5 6. Qc2 Nf6 7. f3 Qa5 8. Bh6 Rg8 9. Nh3 d6 10. Rb1 Nbd7 11. Rb5 Qa6 12. e3 Nb6 13. Be2 Bd7 14. 0-0 Bxb5 15. cxb5 Qa4 16. Qxa4 Nxa4 17. c4 Nc3 18. Bd3 Nxa2 19. Nf4 Nb4 20. Bb1 Kd7 21. Ne6 b6 22. e4 fxe4 23. fxe4 a6 24. bxa6 Nxa6 25. Bg5 Nc7 26. Nxc7 Kxc7 27. Bc2 Ra2 28. Bd3 Ra3 29. Be2 Rf8 30. Bh6 Re8 31. Bf4 Nd7 32. Bg3 Ne5 33. Bxe5 dxe5 34. Rf7 Kd6 35. Rxh7 Rf8 36. h3 Raa8 37. Rh6 Rf6 38. h4 g5 39. Rh5 gxh4 40. Rxh4 Rg8 41. Rh3 Rfg6 42. Bf1 Rg4 43. Rb3 Kc7 44. Re3 Rg3 45. Re1 Rc3 46. Kf2 Ra8 47. Be2 Ra2 48. Kf1 Re3 49. Bf3 Rxe1+ 50. Kxe1 Kd8 51. Be2 Ke8 52. Kf2 Ra3 53. Bh5+ Kf8 54. Bg4 Rc3 55. Be2 Kg7 56. Ke1 Re3 57. Kd2 Rxe4 58. Kd3 Rd4+ 0-1

[Event "Asia Cup (Women)"]
[Site "Abu Dhabi"]
[Date "2016.04.05"]
[Round "9.3"]
[White "Gevorgyan, Irina"]
[Black "Wickramasinghe, Dilhara Ishini"]
[Result "1-0"]
[WhiteElo "2281"]
[BlackElo "1757"]
[PlyCount "73"]
[EventDate "2016.03.28"]
[EventType "team-swiss"]
[EventRounds "9"]
[EventCountry "UAE"]
[SourceTitle "CBM 171 Extra"]
[Source "ChessBase"]
[SourceDate "2016.04.26"]
[SourceVersion "1"]
[SourceVersionDate "2016.04.26"]
[SourceQuality "1"]
[WhiteTeam "Uzbekistan (W)"]
[BlackTeam "Sri Lanka (W)"]
[WhiteTeamCountry "UZB"]
[BlackTeamCountry "SRI"]

1. Nf3 Nf6 2. c4 g6 3. g3 Bg7 4. d4 0-0 5. Bg2 d6 6. 0-0 Nc6 7. d5 Na5 8. Nfd2 c6 9. Nc3 Ng4 10. dxc6 Nxc6 11. h3 Nge5 12. f4 Nd7 13. e3 Nb6 14. Qe2 e5 15. Nb3 exf4 16. gxf4 Qh4 17. Kh2 g5 18. Bd2 g4 19. Be1 Qh6 20. Nd5 Nxd5 21. cxd5 Ne7 22. Bc3 Qh5 23. Rae1 Bxc3 24. bxc3 Nxd5 25. Bxd5 Qxd5 26. hxg4 Kh8 27. Rg1 Rg8 28. g5 Qf5 29. Rg3 f6 30. Qd2 h6 31. e4 Qg6 32. f5 Qf7 33. g6 Qg7 34. Rh3 Re8 35. Rxh6+ Kg8 36. Rh7 Qf8 37. Qd5+ 1-0

[Event "Asia Cup (Women)"]
[Site "Abu Dhabi"]
[Date "2016.03.31"]
[Round "4.3"]
[White "Wickramasinghe, Dilhara Ishini"]
[Black "Jehad, Aysha"]
[Result "0-1"]
[WhiteElo "1757"]
[BlackElo "1597"]
[PlyCount "125"]
[EventDate "2016.03.28"]
[EventType "team-swiss"]
[EventRounds "9"]
[EventCountry "UAE"]
[SourceTitle "CBM 171 Extra"]
[Source "ChessBase"]
[SourceDate "2016.04.26"]
[SourceVersion "1"]
[SourceVersionDate "2016.04.26"]
[SourceQuality "1"]
[WhiteTeam "Sri Lanka (W)"]
[BlackTeam "United Arab Emirates (W) II"]
[WhiteTeamCountry "SRI"]
[BlackTeamCountry "UAE"]

1. d4 d5 2. c4 dxc4 3. e3 Nf6 4. Bxc4 e6 5. Nc3 c5 6. Nf3 a6 7. a4 Nc6 8. 0-0 Be7 9. h3 0-0 10. Re1 h6 11. d5 exd5 12. Nxd5 Nxd5 13. Bxd5 Nb4 14. e4 Nxd5 15. exd5 b6 16. Qb3 Bb7 17. Rd1 Qd6 18. Qc4 b5 19. Qe4 f5 20. Qd3 c4 21. Qd4 Bf6 22. Bf4 Bxd4 23. Bxd6 Bxb2 24. Bxf8 Bxa1 25. Be7 Bc3 26. axb5 axb5 27. d6 Bxf3 28. gxf3 Bb4 29. Rb1 Ra4 30. Rxb4 Rxb4 31. d7 Rb1+ 32. Kg2 Rd1 33. d8Q+ Rxd8 34. Bxd8 c3 35. Ba5 c2 36. Bd2 b4 37. Bc1 Kf7 38. Kf1 Kg6 39. Ke2 b3 40. Kd3 Kh5 41. Kc3 Kh4 42. Kxb3 Kxh3 43. Kxc2 Kg2 44. f4 Kxf2 45. Kd3 Kf3 46. Kd4 h5 47. Ke5 h4 48. Kxf5 h3 49. Bb2 g6+ 50. Kxg6 h2 51. f5 h1Q 52. Bg7 Qg2+ 53. Kf7 Qa2+ 54. Kg6 Qc2 55. Kg5 Qg2+ 56. Kf6 Qg4 57. Bh6 Ke4 58. Bf8 Qxf5+ 59. Ke7 Kd5 60. Bg7 Qe6+ 61. Kf8 Qg6 62. Kg8 Ke6 63. Kh8 0-1

[Event "Asia Cup (Women)"]
[Site "Abu Dhabi"]
[Date "2016.03.30"]
[Round "3.3"]
[White "Wickramasinghe, Dilhara Ishini"]
[Black "Lei, Tingjie"]
[Result "0-1"]
[WhiteElo "1757"]
[BlackElo "2495"]
[PlyCount "94"]
[EventDate "2016.03.28"]
[EventType "team-swiss"]
[EventRounds "9"]
[EventCountry "UAE"]
[SourceTitle "CBM 171 Extra"]
[Source "ChessBase"]
[SourceDate "2016.04.26"]
[SourceVersion "1"]
[SourceVersionDate "2016.04.26"]
[SourceQuality "1"]
[WhiteTeam "Sri Lanka (W)"]
[BlackTeam "China (W)"]
[WhiteTeamCountry "SRI"]
[BlackTeamCountry "CHN"]

1. d4 Nf6 2. c4 g6 3. Nc3 d5 4. Bg5 Ne4 5. Bf4 Nxc3 6. bxc3 Bg7 7. e3 0-0 8. cxd5 Qxd5 9. Nf3 c5 10. Be2 cxd4 11. cxd4 b6 12. 0-0 Bb7 13. Qa4 Nc6 14. Rfd1 Na5 15. Qa3 Rfe8 16. Rac1 Bf8 17. Qb2 Rec8 18. h3 h6 19. Bd3 f5 20. Be2 Qe6 21. Ne1 Bg7 22. Bf3 Be4 23. Bxe4 Qxe4 24. Nc2 Kh7 25. Na3 Rd8 26. Nb5 g5 27. Bh2 Rd7 28. Rd2 Rf8 29. Qc2 Qe6 30. Nc7 Qg6 31. Qa4 Rfd8 32. Rb2 f4 33. Qc2 Rc8 34. Qxg6+ Kxg6 35. exf4 gxf4 36. Bxf4 e5 37. Nb5 Rxc1+ 38. Bxc1 exd4 39. Rd2 d3 40. Kf1 a6 41. Na3 Bc3 42. Nb1 Bxd2 43. Bxd2 Nc4 44. Ke1 Re7+ 45. Kd1 Re2 46. Be1 Nb2+ 47. Kc1 Rc2# 0-1

[Event "Asia Cup (Women)"]
[Site "Abu Dhabi"]
[Date "2016.03.29"]
[Round "2.3"]
[White "Dauletova, Gulmira"]
[Black "Wickramasinghe, Dilhara Ishini"]
[Result "1-0"]
[WhiteElo "2269"]
[BlackElo "1757"]
[PlyCount "185"]
[EventDate "2016.03.28"]
[EventType "team-swiss"]
[EventRounds "9"]
[EventCountry "UAE"]
[SourceTitle "CBM 171 Extra"]
[Source "ChessBase"]
[SourceDate "2016.04.26"]
[SourceVersion "1"]
[SourceVersionDate "2016.04.26"]
[SourceQuality "1"]
[WhiteTeam "Kazakhstan (W)"]
[BlackTeam "Sri Lanka (W)"]
[WhiteTeamCountry "KAZ"]
[BlackTeamCountry "SRI"]

1. e4 c5 2. Nf3 d6 3. Bb5+ Bd7 4. Bxd7+ Qxd7 5. 0-0 Nc6 6. c3 Nf6 7. Qe2 e6 8. d4 cxd4 9. cxd4 d5 10. e5 Ne4 11. Be3 Be7 12. Ne1 f6 13. f3 Ng5 14. Nd3 Nf7 15. f4 b6 16. Nd2 0-0-0 17. a3 Nh6 18. Bf2 Nf5 19. Nf3 Rde8 20. b4 h5 21. Qd2 Kb7 22. a4 Nb8 23. b5 Rc8 24. a5 Rc4 25. axb6 axb6 26. Qa2 Kc8 27. Nb2 Rc7 28. Rfc1 Kd8 29. Qa8 Rc8 30. Na4 Qxb5 31. Rxc8+ Kxc8 32. Rc1+ Kd7 33. Qb7+ Ke8 34. Qxb8+ Bd8 35. Rc8 Kf7 36. Rxd8 Rxd8 37. Qxd8 Qxa4 38. Qxb6 Qd1+ 39. Ne1 Ne3 40. Qb7+ Kg6 41. Qb5 Nc4 42. Qe8+ Kf5 43. Qf7 Qg4 44. exf6 gxf6 45. Qh7+ Qg6 46. Qxg6+ Kxg6 47. Kf1 Kf5 48. Nd3 Nd2+ 49. Ke2 Ne4 50. Be1 Nd6 51. Kf3 Nb5 52. Bf2 Nd6 53. Nb4 Ne4 54. Be1 Kg6 55. Nc6 Kf7 56. Bb4 Ke8 57. Na5 Kd7 58. Nb3 Kc6 59. Nc5 Nxc5 60. Bxc5 e5 61. fxe5 fxe5 62. Ba7 e4+ 63. Ke3 Kd6 64. Bc5+ Ke6 65. Kf4 Kf6 66. Bb4 Ke6 67. Kg5 e3 68. Kf4 e2 69. Kf3 Kf5 70. Kxe2 Ke4 71. Bc5 Kf5 72. Kf3 Kg5 73. Bd6 Kf5 74. Kg3 Ke4 75. Be5 Kf5 76. Kh4 Kg6 77. g3 Kh6 78. Bf4+ Kg6 79. h3 Kg7 80. Kxh5 Kh7 81. g4 Kg7 82. g5 Kh7 83. g6+ Kg8 84. Be5 Kf8 85. Kh6 Kg8 86. g7 Kf7 87. Kh7 Ke7 88. g8Q Kd7 89. Kg6 Kc6 90. Qb8 Kd7 91. Qc7+ Ke8 92. Kf6 Kf8 93. Qf7# 1-0

[Event "SRI-chB (Women)"]
[Site "Colombo"]
[Date "2016.03.19"]
[Round "5"]
[White "Wickramasinghe, Dilhara Ishini"]
[Black "Balasuriya, Sajini Hasara"]
[Result "1-0"]
[WhiteElo "1757"]
[BlackElo "1561"]
[PlyCount "51"]
[EventDate "2016.03.12"]
[EventType "swiss"]
[EventRounds "10"]
[EventCountry "SRI"]
[SourceTitle "CBM 171 Extra"]
[Source "ChessBase"]
[SourceDate "2016.04.26"]
[SourceVersion "1"]
[SourceVersionDate "2016.04.26"]
[SourceQuality "1"]

1. d4 d5 2. c4 dxc4 3. e3 e5 4. Bxc4 exd4 5. exd4 Nf6 6. Nf3 Be7 7. 0-0 0-0 8. h3 Nbd7 9. Nc3 Nb6 10. Bb3 c6 11. Re1 Re8 12. Qc2 Nfd5 13. a3 Be6 14. Ne4 h6 15. Ba2 Nd7 16. Bb1 N7f6 17. Nc5 Bxc5 18. dxc5 Qd7 19. Rd1 Qc8 20. b3 Ne7 21. Nd4 Bd5 22. Bb2 Ng6 23. Qc1 Be4 24. Bxe4 Nxe4 25. Re1 Qd7 26. Nf3 1-0

[Event "SRI-ch (Women)"]
[Site "Malabe"]
[Date "2015.07.12"]
[Round "11"]
[White "Wickramasinghe, Dilhara Ishini"]
[Black "Gamage, Nethmi Nirasha"]
[Result "1/2-1/2"]
[WhiteElo "1674"]
[BlackElo "1580"]
[PlyCount "68"]
[EventDate "2015.07.04"]
[EventType "tourn"]
[EventRounds "13"]
[EventCountry "SRI"]
[SourceTitle "CBM 167 Extra"]
[Source "ChessBase"]
[SourceDate "2015.09.14"]
[SourceVersion "1"]
[SourceVersionDate "2015.09.14"]
[SourceQuality "1"]

1. d4 Nf6 2. c4 e6 3. Nc3 d5 4. Nf3 c6 5. e3 Nbd7 6. Bd3 dxc4 7. Bxc4 b5 8. Bd3 a6 9. e4 c5 10. e5 cxd4 11. Nxb5 axb5 12. exf6 Bb4+ 13. Bd2 Bxd2+ 14. Qxd2 Qxf6 15. Bxb5 e5 16. 0-0 0-0 17. Rfe1 Qd6 18. Bxd7 Bxd7 19. Rxe5 d3 20. Re3 Bb5 21. a4 Rxa4 22. Rxa4 Bxa4 23. Rxd3 Qb6 24. b4 h6 25. h3 Rb8 26. Rd4 Rc8 27. Rd6 Qc7 28. Rd3 Qb6 29. Nd4 Rb8 30. Nf3 Qxb4 31. Rd8+ Kh7 32. Qd3+ g6 33. Rxb8 Qxb8 34. Qe4 Qb3 1/2-1/2

[Event "SRI-ch (Women)"]
[Site "Malabe"]
[Date "2015.07.06"]
[Round "5"]
[White "Wickramasinghe, Dilhara Ishini"]
[Black "Premanath, Dinushki"]
[Result "0-1"]
[WhiteElo "1674"]
[BlackElo "1833"]
[PlyCount "88"]
[EventDate "2015.07.04"]
[EventType "tourn"]
[EventRounds "13"]
[EventCountry "SRI"]
[SourceTitle "CBM 167 Extra"]
[Source "ChessBase"]
[SourceDate "2015.09.14"]
[SourceVersion "1"]
[SourceVersionDate "2015.09.14"]
[SourceQuality "1"]

1. d4 Nf6 2. c4 e6 3. a3 d5 4. Nc3 c6 5. e3 Nbd7 6. Nf3 Bd6 7. Qc2 0-0 8. b3 b6 9. cxd5 exd5 10. Bd3 Bb7 11. 0-0 Rc8 12. Bb2 c5 13. dxc5 Nxc5 14. Bf5 Ne6 15. Qd1 Ne4 16. Nb5 Bb8 17. Nbd4 Qe7 18. Re1 a6 19. h3 Rfd8 20. Qe2 g6 21. Nxe6 fxe6 22. Bxe4 dxe4 23. Ne5 Qg5 24. Ng4 Rf8 25. Red1 Bd5 26. Qxa6 Rc2 27. Bd4 h5 28. Nf6+ Rxf6 29. Bxf6 Qxf6 30. Rf1 Qe5 31. g3 h4 32. Qxb6 Bc7 33. Qb5 Rc6 34. Rfc1 hxg3 35. Rxc6 Qxa1+ 36. Kg2 gxf2 37. Rc1 Qg7 38. Kxf2 Qb2+ 39. Qe2 Qxc1 40. Qb5 Qd2+ 41. Kg1 Qxe3+ 42. Kg2 Qg3+ 43. Kf1 Qd3+ 44. Qxd3 exd3 0-1

[Event "SRI-ch (Women)"]
[Site "Malabe"]
[Date "2015.07.05"]
[Round "4"]
[White "Kodikara, KKM Sachintha"]
[Black "Wickramasinghe, Dilhara Ishini"]
[Result "0-1"]
[WhiteElo "1505"]
[BlackElo "1674"]
[PlyCount "146"]
[EventDate "2015.07.04"]
[EventType "tourn"]
[EventRounds "13"]
[EventCountry "SRI"]
[SourceTitle "CBM 167 Extra"]
[Source "ChessBase"]
[SourceDate "2015.09.14"]
[SourceVersion "1"]
[SourceVersionDate "2015.09.14"]
[SourceQuality "1"]

1. d4 Nf6 2. Nf3 g6 3. Bf4 Bg7 4. c3 0-0 5. Nbd2 d5 6. h3 Nbd7 7. e3 b6 8. Be2 Bb7 9. 0-0 c5 10. Re1 a6 11. Bf1 h6 12. a3 c4 13. Ne5 Nxe5 14. Bxe5 b5 15. Bxf6 Bxf6 16. e4 e6 17. e5 Bg7 18. Nf3 Qe7 19. Qd2 Bc6 20. Re2 a5 21. Rc1 Rfb8 22. Nh2 Kh7 23. f4 b4 24. axb4 axb4 25. g4 Ra2 26. Qe3 Bd7 27. Nf3 Qd8 28. h4 bxc3 29. bxc3 Rxe2 30. Qxe2 Qa5 31. Qd2 Bf8 32. Qe1 Rb3 33. Rc2 Ra3 34. Rc1 Rb3 35. Rc2 Qa3 36. Qc1 Qxc1 37. Rxc1 Ba3 38. Rc2 Rb2 39. Rc1 Rg2+ 40. Kxg2 Bxc1 41. Kg3 Bb2 42. Kf2 Bxc3 43. Ke3 Ba4 44. Be2 Bc2 45. Nd2 Bb4 46. h5 gxh5 47. gxh5 Bf5 48. Bf1 Kg8 49. Be2 Kf8 50. Bf1 Ke7 51. Be2 Kd7 52. Bf1 Bg4 53. Be2 Bxe2 54. Kxe2 Bxd2 55. Kxd2 Kc6 56. Kc2 Kb5 57. Kc3 Ka4 58. Kb2 Kb4 59. Kc2 c3 60. Kc1 Kc4 61. Kc2 Kxd4 62. Kc1 Kc4 63. Kc2 d4 64. Kc1 d3 65. Kd1 Kb3 66. Ke1 Kc2 67. Kf2 d2 68. Ke3 d1Q 69. Kf2 Kd3 70. Kg3 Ke3 71. Kh3 Kf3 72. Kh2 Qe2+ 73. Kh1 Qg2# 0-1

[Event "SRI-chB (Women)"]
[Site "Malabe"]
[Date "2015.06.27"]
[Round "7"]
[White "Wickramasinghe, Dilhara Ishini"]
[Black "Gamage, Nethmi Nirasha"]
[Result "1/2-1/2"]
[WhiteElo "1698"]
[BlackElo "1514"]
[PlyCount "48"]
[EventDate "2015.05.19"]
[EventType "swiss"]
[EventRounds "10"]
[EventCountry "SRI"]
[SourceTitle "EXT 2016"]
[Source "ChessBase"]
[SourceDate "2015.10.08"]
[SourceVersion "1"]
[SourceVersionDate "2015.10.08"]
[SourceQuality "1"]

1. d4 Nf6 2. c4 e6 3. a3 d5 4. Nc3 c6 5. e3 Nbd7 6. Nf3 Bd6 7. Qc2 0-0 8. Bd3 dxc4 9. Bxc4 b5 10. Be2 a6 11. 0-0 Bb7 12. e4 e5 13. Rd1 Re8 14. dxe5 Bxe5 15. Nxe5 Rxe5 16. Bf4 Re8 17. Bd6 Qb6 18. Bf4 Ne5 19. Be3 Qc7 20. Nd5 Nxd5 21. exd5 Rad8 22. Qc5 Rd6 23. Rac1 Qb8 24. dxc6 Rxc6 1/2-1/2

[Event "World School-ch U15 Girls 11th"]
[Site "Pattaya"]
[Date "2015.05.14"]
[Round "9"]
[White "Nur Abidah, Shanti"]
[Black "Wickramasinghe, Dilhara Ishini"]
[Result "1/2-1/2"]
[WhiteElo "2249"]
[BlackElo "1616"]
[PlyCount "69"]
[EventDate "2015.05.07"]
[EventType "swiss"]
[EventRounds "9"]
[EventCountry "THA"]
[SourceTitle "CBM 166 Extra"]
[Source "ChessBase"]
[SourceDate "2015.06.18"]
[SourceVersion "1"]
[SourceVersionDate "2015.06.18"]
[SourceQuality "1"]

1. e4 c5 2. Nf3 d6 3. d4 cxd4 4. Nxd4 Nf6 5. Nc3 g6 6. Be3 Bg7 7. f3 0-0 8. Qd2 Nc6 9. Bc4 Bd7 10. 0-0-0 Qa5 11. Kb1 Rfc8 12. Bb3 Ne5 13. Nd5 Qxd2 14. Rxd2 Nxd5 15. Bxd5 Nc4 16. Bxc4 Rxc4 17. Rhd1 b5 18. Ne2 a5 19. Nf4 Kf8 20. Nd5 Rb8 21. Bg5 f6 22. Bf4 Rb7 23. Bg3 b4 24. Bf2 Rc6 25. Bd4 Be6 26. Rd3 Rb5 27. Bf2 Bh6 28. g4 Rb8 29. Re1 Rb7 30. h4 Ra6 31. Rh1 Rc6 32. Re1 Ra6 33. Rh1 Rc6 34. Re1 Ra6 35. Rh1 1/2-1/2

[Event "World School-ch U15 Girls 11th"]
[Site "Pattaya"]
[Date "2015.05.07"]
[Round "1"]
[White "Tejaswini, Sagar"]
[Black "Wickramasinghe, Dilhara Ishini"]
[Result "1-0"]
[WhiteElo "2004"]
[BlackElo "1616"]
[PlyCount "61"]
[EventDate "2015.05.07"]
[EventType "swiss"]
[EventRounds "9"]
[EventCountry "THA"]
[SourceTitle "CBM 166 Extra"]
[Source "ChessBase"]
[SourceDate "2015.06.18"]
[SourceVersion "1"]
[SourceVersionDate "2015.06.18"]
[SourceQuality "1"]

1. e4 c5 2. Nf3 d6 3. d4 cxd4 4. Nxd4 Nf6 5. Nc3 g6 6. Be3 Bg7 7. f3 0-0 8. Qd2 Nc6 9. Bc4 Bd7 10. 0-0-0 Qa5 11. h4 Rfc8 12. Bb3 Ne5 13. g4 b5 14. h5 Nc4 15. Bxc4 bxc4 16. Bh6 Bh8 17. hxg6 fxg6 18. Bg5 Rab8 19. Bxf6 Bxf6 20. Qh2 h6 21. Nd5 Qxa2 22. Nxf6+ exf6 23. Qxh6 Qxb2+ 24. Kd2 Qxd4+ 25. Ke2 Qb2 26. Qh7+ Kf8 27. Qxd7 Qxc2+ 28. Rd2 Qd3+ 29. Rxd3 cxd3+ 30. Kxd3 Kg8 31. Rh7 1-0